000 00461nam a22001337a 4500
005 20241007105539.0
008 241007b |||||||| |||| 00| 0 eng d
100 _aCabacungan, Elsie B.
_eauthor.
_962429
245 _aAraw ng pagatapos /
_cElsie B. Cabacungan.
260 _aPhilippines:
_bPublishers Association of the Philippines, Inc.,
_cMarch 2019.
300 _aVolume 66, pages 388.
700 _aCabacungan, Elsie B.
_eauthor.
_962430
942 _2ddc
_cPER
999 _c22297
_d22297